000 00550nam a2200193Ia 4500
005 20260120124601.0
008 008 260114s9999 xx 000 0 eng d
020 _a9780857243010
037 _aEBOOK
040 _aCRL
_beng
_cCRL
041 _aeng
_2eng
084 _qCRL
245 0 _aSustainable Justice and the Community
260 _bEmerald Publishing
_c2010
700 _aLiam Leonard
_9908044
856 _uhttps://www.emerald.com/insight/publication/doi/10.1108/S2041-806X(2010)6
942 _cEBOOK
999 _c1499933
_d1499933